| 000 | 01260cam a2200301Ka 4500 | ||
|---|---|---|---|
| 001 | ocn475448170 | ||
| 003 | OCoLC | ||
| 005 | 20100830053415.0 | ||
| 008 | 091208s2008 gm 000 0 eng d | ||
| 040 |
_aWCL _cWCL _dWCL |
||
| 020 | _z9983990717 | ||
| 020 | _z9983990733 (addendum) | ||
| 035 | _a(OCoLC)475448170 | ||
| 043 | _af------ | ||
| 090 |
_aKQC573.A73 _bI57 2008 |
||
| 049 | _aSZTA | ||
| 110 | 2 | _aInstitute for Human Rights and Development. | |
| 245 | 1 | 0 |
_aDecisions of the African Commission on Human and Peoples' Rights on Communications 2002-2007 / _cInstitute for Human Rights and Development in Africa ; copy-editors, Julia Harrington, Ulrika Sandberg, Humphrey Sipalla ; compiled by Emily Taylor. |
| 260 |
_aBanjul, The Gambia : _bInstitute for Human Rights and Development in Africa, _c2008. |
||
| 300 |
_a448 p. ; _c21 cm. |
||
| 500 | _aIncludes index | ||
| 500 | _aIncludes addendum. | ||
| 610 | 2 | 0 | _aAfrican Commission on Human and Peoples' Rights. |
| 650 | 0 |
_aHuman rights _zAfrica. |
|
| 994 |
_aC0 _bSZT |
||
| 999 |
_c1002 _d1002 |
||